| 000 | 01170cam a2200349 a 4500 | ||
|---|---|---|---|
| 999 |
_c15569 _d15569 |
||
| 001 | 12176465 | ||
| 003 | EG-ScBUE | ||
| 005 | 20210121135436.0 | ||
| 008 | 000829r20102009enk f 00| 1 eng d | ||
| 020 | _a9781860498800 | ||
| 040 |
_aEG-ScBUE _beng _erda _cEG-ScBUE _dEG-ScBUE |
||
| 082 | 0 | 4 |
_a813.54 _bATW _222 |
| 100 | 1 |
_924901 _aAtwood, Margaret, _d1939- _eauthor. |
|
| 245 | 1 | 4 |
_aThe Blind Assassin / _cMargaret Atwood. |
| 250 | _aReprinted edition. | ||
| 264 | 1 |
_aLondon : _bVirago Press, _c2010. |
|
| 300 |
_a637 pages, 4 unnumbered pages ; _c25 cm |
||
| 336 |
_2rdacontent _atext _btxt |
||
| 337 |
_2rdamedia _aunmediated _bn |
||
| 338 |
_2rdacarrier _avolume _bnc |
||
| 586 | _aThe Man Booker Prize, 2000. | ||
| 650 | 7 |
_aSisters _xDeath _vFiction. _2BUEsh _924902 |
|
| 650 | 7 |
_aFiction _xAuthorship _vFiction. _2BUEsh _924903 |
|
| 650 | 7 |
_aWomen novelists _vFiction. _2BUEsh _924904 |
|
| 650 | 7 |
_aOlder women _vFiction. _2BUEsh _924905 |
|
| 650 | 7 |
_aWidows _vFiction. _2BUEsh _924906 |
|
| 651 | _2BUEsh | ||
| 653 |
_cJune2011 _bHHUUEENN |
||
| 655 | 7 |
_aPsychological fiction. _2lcsh _vReading book |
|
| 655 | 7 |
_aDomestic fiction. _2lcsh _vReading book |
|
| 942 |
_2ddc _cBB |
||